Statistiques concernant Trouve le dessin animé

Cliquez ici pour prendre le quiz!

Statistiques générales

  • Ce quiz a été pris 278 fois
  • Le résultat moyen est 7 sur 15

Statistiques - réponses

Paroles du génériqueTitre du dessin animé% Correct
_________, c’est l’Amérique, le symbole de la liberté
Il est né sur les bords du fleuve Mississipi
_________ c’est pour nous tous un ami
Tom Sawyer
88%
Enfant du soleil
Tu parcours la Terre, le ciel
Cherches ton chemin
C'est ta vie, c'est ton destin
Les mystérieuses cités d'or
83%
En avant, il faut foncer droit au but
Deux mi-temps et quatre-vingt dix minutes
C'est assez pour rassembler nos espoirs
Et pour forcer la victoire
Olive et Tom
74%
Dans un pays de tous les temps
Vit la plus belle des abeilles
Que l'on ait vu depuis longtemps
S'envoler à travers le ciel
Maya l'abeille
70%
__________
Petite fille des montagnes
__________
Petite fée de nos campagnes
Heidi
61%
_____________ tu n'es pas
De notre galaxie
Mais du fond de la nuit
_____________
Capitaine Flam
54%
Là-haut, là-haut
Très loin dans l'espace
Entre la Terre et Vénus
Le ciel garde encore la trace
Goldorak
41%
________________________
C'est mon ami et bien plus encore
________________________
Vient d'un monde jamais vu encore
Denver, le dernier dinosaure
32%
Dans l'équipe il y a maintenant une jeune fille qui a du punch
Elle sait jouer avec talent et son cœur est bondissant
Le garçon qu'elle aime beaucoup entre tout à coup
Et pour elle le monde est là dans les yeux de _____, _____, _____
Jeanne et Serge
32%
Dans le froid glacé de l'Olympe noire
Les Dieux malins ont en vain
Usé de leur puissance, leur pouvoir contre ________
Dans le vide de l'espace infernal, fatigué, lassé, vainqueur
Ulysse 31
28%
Je suis Phileas Fog et en _______
Je dois faire le ___________
Aventurier, gentleman, joueur
Un tel pari ne me fait pas du tout peur
Le tour du monde en 80 jours
26%
Une ombre file dans la nuit
C'est un assassin qui s'enfuit
Et comme un démon il sourit
Son crime restera impuni
Nicky Larson
25%
______________, mignonne p'tite fille
Fraîche fleur que baigne la rosée (baigne la rosée)
Toujours caressée (toujours caressée)
D'un vent très léger (d'un vent très léger)
Princesse Sarah
23%
Dans les grandes villes ou les petits villages
Devant nous défilent de jolis paysages
Ma famille à moi c'est celle que j'ai choisie
Car on a besoin d'affection dans la vie
Rémi sans famille
19%
Le voilà, _______
Le capitaine corsaire
Il revient, _______
Pour les enfants de la Terre
Albator 84
7%

Distribution des résultats

Percentile par nombre de réponses

% des personnes avec chaque résultat

Votre développement - résultats

Vous n’avez pas pris ce quiz